[Event "7. Bayerische Meisterschaft 2003"]
[Site "Bad Wiessee"]
[Date "2003.11.12"]
[Round "5"]
[White "Sulskis, Sarunas"]
[Black "Welling, Gerard"]
[Result "1-0"]
[WhiteElo "2586"]
[BlackElo "2380"]
[PlyCount "73"]
[EventDate "2003.11.08"]

1. e4 e5 2. Nc3 Nf6 3. Bc4 Nxe4 4. Qh5 Nd6 5. Bb3 Be7 6. Nf3 Nc6 7. Nxe5 Nxe5
8. Qxe5 O-O 9. d3 c6 10. h4 Ne8 11. Bg5 Bf6 12. Qg3 d5 13. O-O-O a5 14. Rde1
Be6 15. a4 b5 16. axb5 a4 17. Nxa4 cxb5 18. Nc3 Bxc3 19. bxc3 Qa5 20. d4 b4 21.
Kd2 Rc8 22. Be7 bxc3+ 23. Ke3 Qa7 24. Bxf8 Kxf8 25. f3 Nf6 26. Qd6+ Kg8 27. Ra1
Qb7 28. Kf2 h5 29. Rhe1 Rc6 30. Qf4 Rb6 31. Kg1 Rb4 32. Kh2 Qb6 33. Ra4 Rxb3
34. cxb3 Qxb3 35. Ra8+ Kh7 36. Rb8 Qc4 37. Re5 1-0

[Event "7. Bayerische Meisterschaft 2003"]
[Site "Bad Wiessee"]
[Date "2003.11.12"]
[Round "5"]
[White "Berelovich, Aleksandar"]
[Black "Krieger, Hermann"]
[Result "1-0"]
[WhiteElo "2540"]
[BlackElo "2284"]
[PlyCount "83"]
[EventDate "2003.11.08"]

1. e4 c5 2. Nf3 d6 3. d4 cxd4 4. Nxd4 Nf6 5. Nc3 g6 6. Be3 Bg7 7. f3 O-O 8. Qd2
Nc6 9. O-O-O Nxd4 10. Bxd4 Be6 11. Kb1 Qc7 12. g4 Rfc8 13. h4 Qa5 14. a3 Rab8
15. h5 b5 16. Nd5 Qxd2 17. Rxd2 Nxd5 18. Bxg7 Kxg7 19. exd5 Bd7 20. Bd3 Re8 21.
Rdh2 Rh8 22. g5 Bf5 23. h6+ Kf8 24. Rd1 Ke8 25. Rh4 Bxd3 26. Rxd3 Kd7 27. a4 b4
28. c3 bxc3 29. Rxc3 f6 30. Rhc4 Rb7 31. gxf6 exf6 32. Re4 f5 33. Re6 Re8 34.
Rxe8 Kxe8 35. Rc8+ Ke7 36. f4 Rb4 37. Rc7+ Kf6 38. Rxa7 Rxf4 39. a5 Rd4 40.
Rxh7 Rxd5 41. a6 Kg5 42. a7 1-0

[Event "7. Bayerische Meisterschaft 2003"]
[Site "Bad Wiessee"]
[Date "2003.11.12"]
[Round "5"]
[White "Sarbok, Torsten"]
[Black "Schenk, Andreas"]
[Result "1/2-1/2"]
[WhiteElo "2352"]
[BlackElo "2499"]
[PlyCount "121"]
[EventDate "2003.11.08"]

1. e4 e6 2. d4 d5 3. Nc3 Bb4 4. e5 c5 5. Bd2 Ne7 6. Nb5 Bxd2+ 7. Qxd2 O-O 8.
dxc5 Nd7 9. Nf3 Nxc5 10. Bd3 Qb6 11. O-O Bd7 12. a4 Bxb5 13. axb5 a6 14. Qe3
axb5 15. b4 Nd7 16. Qxb6 Nxb6 17. Bxb5 Ng6 18. g3 Rfc8 19. Bd3 Nd7 20. Rxa8
Rxa8 21. Re1 Kf8 22. h4 Ke7 23. h5 Ngf8 24. Kg2 h6 25. c4 dxc4 26. Bxc4 Ra4 27.
Rb1 Ra3 28. Bb3 g6 29. Bc2 gxh5 30. Rh1 Rc3 31. Be4 b6 32. Rxh5 Rc4 33. Bd3
Rxb4 34. Rxh6 Nc5 35. Bc2 Rc4 36. Ne1 b5 37. Rh4 Rxh4 38. gxh4 Ng6 39. Bxg6
fxg6 40. Kf3 b4 41. Ke2 b3 42. Kd2 Kd7 43. Kc3 Kc6 44. Ng2 Kb5 45. Ne3 Ne4+ 46.
Kxb3 Nxf2 47. Kc3 Kc5 48. Ng2 Nh3 49. Kd3 Kd5 50. Ke3 Kxe5 51. Kf3 g5 52. hxg5
Nxg5+ 53. Kg4 Kf6 54. Nf4 e5 55. Nh5+ Kg6 56. Nf4+ Kh6 57. Nd5 e4 58. Kf4 Kg6
59. Nc3 Kf6 60. Nxe4+ Nxe4 61. Kxe4 1/2-1/2

[Event "7. Bayerische Meisterschaft 2003"]
[Site "Bad Wiessee"]
[Date "2003.11.12"]
[Round "5"]
[White "Schuette, Manfred"]
[Black "Breder, Dennis"]
[Result "0-1"]
[WhiteElo "2291"]
[BlackElo "2458"]
[PlyCount "126"]
[EventDate "2003.11.08"]

1. c4 Nf6 2. Nc3 e5 3. Nf3 Nc6 4. e3 Bb4 5. Qc2 Bxc3 6. Qxc3 Qe7 7. a3 a5 8. b3
d5 9. d4 exd4 10. Nxd4 Nxd4 11. Qxd4 c5 12. Qf4 Nh5 13. Qf3 Qe5 14. Rb1 Qf5 15.
Qxf5 Bxf5 16. Rb2 Be6 17. Rd2 Rd8 18. Be2 Nf6 19. O-O Ke7 20. f3 b6 21. Rfd1
dxc4 22. bxc4 Rxd2 23. Rxd2 Rd8 24. Rb2 Nd7 25. f4 Bf5 26. g4 Be4 27. Bd2 f6
28. Bc3 Kd6 29. h4 Kc7 30. h5 Re8 31. Kf2 Re6 32. Bf3 Bxf3 33. Kxf3 Rd6 34. h6
g6 35. Ke2 Kd8 36. e4 Ke7 37. Ke3 Rd1 38. g5 fxg5 39. fxg5 Rc1 40. Kd3 Rg1 41.
Bf6+ Ke6 42. e5 Rg3+ 43. Ke4 Rc3 44. Rd2 Rxc4+ 45. Ke3 Nxe5 46. Bxe5 Kxe5 47.
Rd7 Kf5 48. Rxh7 Kxg5 49. Rb7 Kxh6 50. Rxb6 Rc3+ 51. Kf4 Rxa3 52. Rb5 c4 53.
Rc5 c3 54. Kg4 a4 55. Rc4 Rb3 56. Rxa4 c2 57. Rc4 Rb4 58. Rxb4 c1=Q 59. Rf4 Qe3
60. Rf3 Qe4+ 61. Kg3 Kh5 62. Rf2 Qe3+ 63. Rf3 Qg1+ 0-1

[Event "7. Bayerische Meisterschaft 2003"]
[Site "Bad Wiessee"]
[Date "2003.11.12"]
[Round "5"]
[White "Tauber, Manfred"]
[Black "Eingorn, Vereslavs"]
[Result "1/2-1/2"]
[WhiteElo "2269"]
[BlackElo "2607"]
[PlyCount "111"]
[EventDate "2003.11.08"]

1. d4 Nf6 2. Nf3 e6 3. e3 b6 4. Bd3 Bb7 5. Nbd2 c5 6. O-O d5 7. c3 Nbd7 8. Qe2
Be7 9. Ne5 Nxe5 10. dxe5 Nd7 11. f4 Qc7 12. c4 Rd8 13. b3 g6 14. Bb2 O-O 15.
Rad1 Rfe8 16. Qg4 Nf8 17. Qe2 Rd7 18. e4 d4 19. Nf3 Rdd8 20. Qf2 Nd7 21. Qg3
Kh8 22. Bc1 Rg8 23. Ng5 Rg7 24. Qh4 Re8 25. Rf3 Qd8 26. Rg3 Bxg5 27. Rxg5 h6
28. Qh3 Rh7 29. Rg3 Rg8 30. Rf1 Qe7 31. Bd2 f5 32. exf6 Nxf6 33. Re1 e5 34. Rf3
Bc8 35. Qh4 Nh5 36. Qxe7 Rxe7 37. fxe5 g5 38. g3 Bg4 39. Rf2 Rxe5 40. Rf7 Rg7
41. Ref1 Be6 42. Rf8+ Rg8 43. Kg2 Kg7 44. R8f2 Kh7 45. h3 Ng7 46. g4 Re8 47.
Kg3 Re7 48. h4 Ne8 49. Rh2 Kg8 50. hxg5 hxg5 51. Rh5 Rg7 52. Rh6 Rf7 53. Rg6+
Rg7 54. Rh6 Rf7 55. Rg6+ Rg7 56. Rh6 1/2-1/2

[Event "7. Bayerische Meisterschaft 2003"]
[Site "Bad Wiessee"]
[Date "2003.11.12"]
[Round "5"]
[White "Braunschlaeger, Claus"]
[Black "Fridman, Daniel"]
[Result "0-1"]
[WhiteElo "2257"]
[BlackElo "2592"]
[PlyCount "78"]
[EventDate "2003.11.08"]

1. e4 c5 2. Nf3 d6 3. d4 cxd4 4. Nxd4 Nf6 5. Nc3 g6 6. g3 Bg7 7. Bg2 Bg4 8.
Nce2 Qc8 9. h3 Bd7 10. Be3 Na6 11. Qd2 Nc5 12. Nc3 Ne6 13. O-O-O O-O 14. f4
Nxd4 15. Bxd4 Bc6 16. Nd5 Bxd5 17. exd5 b5 18. Rhe1 Qb7 19. g4 Rfc8 20. g5 Nh5
21. Bxg7 Nxg7 22. Be4 b4 23. Re3 a5 24. Qe2 a4 25. Rd4 Qb6 26. Qd2 Rab8 27. Kd1
Rf8 28. Rf3 f5 29. gxf6 exf6 30. Rc4 f5 31. Bd3 Rfe8 32. Rc6 Qd4 33. c3 bxc3
34. Qxc3 Qg1+ 35. Bf1 Nh5 36. Rc7 Qh2 37. b3 Qxa2 38. Re3 Qb1+ 39. Kd2 Qxf1 0-1

[Event "7. Bayerische Meisterschaft 2003"]
[Site "Bad Wiessee"]
[Date "2003.11.12"]
[Round "5"]
[White "Rotstein, Arkadij"]
[Black "Buchner, Rudolf"]
[Result "1-0"]
[WhiteElo "2533"]
[BlackElo "2267"]
[PlyCount "95"]
[EventDate "2003.11.08"]

1. c4 e5 2. g3 Nc6 3. Bg2 d6 4. Nc3 Be6 5. d3 g6 6. Rb1 Bg7 7. b4 Qd7 8. b5 Nd8
9. Nd5 c6 10. bxc6 bxc6 11. Nc3 Ne7 12. Ba3 f5 13. e3 O-O 14. Nge2 f4 15. exf4
exf4 16. gxf4 Nf5 17. h4 Nd4 18. Nxd4 Bxd4 19. Ne2 Re8 20. Kf1 Bg7 21. Ng3 Nf7
22. Bb2 Bxb2 23. Rxb2 d5 24. c5 Nh6 25. h5 Bg4 26. Qb1 gxh5 27. Nxh5 Qe6 28.
Qa1 Nf5 29. Rd2 Rf8 30. Rh4 Qg6 31. Rxg4 Qxg4 32. Nf6+ Rxf6 33. Qxf6 Qxf4 34.
Qxc6 Rb8 35. Bxd5+ Kg7 36. Qd7+ Kh6 37. Qe6+ Kg5 38. Qe1 Rf8 39. Kg1 Qg4+ 40.
Bg2 Rg8 41. Qe4 Qh5 42. Re2 Kh6 43. Qf4+ Kg7 44. Re6 Kf7 45. Ra6 Qd1+ 46. Kh2
Qxd3 47. Rxa7+ Ke6 48. Be4 1-0

[Event "7. Bayerische Meisterschaft 2003"]
[Site "Bad Wiessee"]
[Date "2003.11.12"]
[Round "5"]
[White "Horstmann, Olaf"]
[Black "Thiel, Thomas"]
[Result "1/2-1/2"]
[WhiteElo "2197"]
[BlackElo "2303"]
[PlyCount "22"]
[EventDate "2003.11.08"]

1. e4 e6 2. d3 b6 3. g3 Bb7 4. Nf3 d5 5. Nbd2 Nf6 6. Bg2 dxe4 7. Ng5 Nbd7 8.
O-O Nc5 9. Ngxe4 Nfxe4 10. Nxe4 Nxe4 11. Bxe4 Bxe4 1/2-1/2

[Event "7. Bayerische Meisterschaft 2003"]
[Site "Bad Wiessee"]
[Date "2003.11.12"]
[Round "5"]
[White "Van den Bersselar, Jeroen"]
[Black "Lorscheid, Gerhard"]
[Result "1/2-1/2"]
[WhiteElo "2176"]
[BlackElo "2297"]
[PlyCount "32"]
[EventDate "2003.11.08"]

1. d4 d6 2. c4 Nf6 3. Nc3 g6 4. e4 Bg7 5. Nge2 O-O 6. Ng3 Nbd7 7. Be2 a6 8. O-O
c5 9. d5 b5 10. cxb5 axb5 11. Bxb5 Ba6 12. a4 Qb6 13. Qc2 Rfc8 14. h3 Ne5 15.
Rb1 Bxb5 16. Nxb5 Ne8 1/2-1/2

[Event "7. Bayerische Meisterschaft 2003"]
[Site "Bad Wiessee"]
[Date "2003.11.13"]
[Round "6"]
[White "Potkin, Vladimir"]
[Black "Rozentalis, Eduardas"]
[Result "1/2-1/2"]
[WhiteElo "2534"]
[BlackElo "2633"]
[PlyCount "92"]
[EventDate "2003.11.08"]

1. e4 e5 2. Nf3 Nf6 3. Nxe5 d6 4. Nf3 Nxe4 5. d4 d5 6. Bd3 Bd6 7. O-O O-O 8. c4
c6 9. Qc2 Na6 10. a3 Bg4 11. Ne5 Bh5 12. cxd5 cxd5 13. Bxe4 dxe4 14. Qxe4 Re8
15. Be3 Nc5 16. Qc2 Ne6 17. Qf5 Qh4 18. Nd2 Bg6 19. Qg4 Qxg4 20. Nxg4 f5 21.
Nc4 Bf8 22. d5 fxg4 23. dxe6 Rxe6 24. Rfd1 Rc8 25. Rac1 Rec6 26. Ne5 Rxc1 27.
Rxc1 Rxc1+ 28. Bxc1 Bf5 29. Be3 a6 30. Kf1 Bd6 31. Bd4 Kf8 32. Ke2 Bc7 33. Ke3
g5 34. g3 Ke7 35. Nd3 Bd8 36. Nc5 Bc8 37. Be5 b6 38. Ne4 Ke6 39. Bd4 Bb7 40.
Nc3 Bc6 41. Kd3 b5 42. Ne4 a5 43. Be3 h6 44. Bd4 Be7 45. Nc5+ Bxc5 46. Bxc5 Kd5
1/2-1/2

[Event "7. Bayerische Meisterschaft 2003"]
[Site "Bad Wiessee"]
[Date "2003.11.13"]
[Round "6"]
[White "Hertneck, Gerald"]
[Black "Sulskis, Sarunas"]
[Result "1-0"]
[WhiteElo "2524"]
[BlackElo "2586"]
[PlyCount "95"]
[EventDate "2003.11.08"]

1. d4 Nf6 2. c4 e6 3. Nf3 b6 4. g3 Ba6 5. Nbd2 Bb4 6. Qc2 Bb7 7. Bg2 Be4 8. Qd1
O-O 9. O-O Bxd2 10. Qxd2 Re8 11. b3 d6 12. Bb2 Nbd7 13. Rfd1 Qe7 14. Rac1 h6
15. Ne1 Bxg2 16. Nxg2 e5 17. dxe5 Nxe5 18. Nf4 Ng6 19. Bxf6 Qxf6 20. Nd5 Qd8
21. b4 Re6 22. Ne3 a5 23. a3 axb4 24. axb4 Ra3 25. c5 bxc5 26. bxc5 {Diagramm #
} 26... Raxe3 27. fxe3 Qg5 28. cxd6 Rxd6 29. Qc3 Re6 30. Qd4 Rd6 31. Qa7 Rb6
32. Rc3 Qh5 33. Qxc7 Qxe2 34. Rf1 Rf6 35. Qd8+ Kh7 36. Rxf6 Qe1+ 37. Kg2 Qxc3
38. Rxf7 Qc6+ 39. Rf3 Ne5 40. Qf8 Nxf3 41. Qxf3 Qc2+ 42. Kh3 Qd3 43. Qf4 g5 44.
Qf7+ Kh8 45. Kg4 Qe2+ 46. Kf5 Qd3+ 47. Kf6 Qd8+ 48. Kg6 1-0

[Event "7. Bayerische Meisterschaft 2003"]
[Site "Bad Wiessee"]
[Date "2003.11.13"]
[Round "6"]
[White "Doettling, Fabian"]
[Black "Atalik, Suat"]
[Result "1/2-1/2"]
[WhiteElo "2519"]
[BlackElo "2570"]
[PlyCount "52"]
[EventDate "2003.11.08"]

1. Nf3 c5 2. c4 Nf6 3. d4 cxd4 4. Nxd4 a6 5. Nc3 d5 6. e3 e6 7. cxd5 Nxd5 8.
Nxd5 Qxd5 9. Bd2 Bd7 10. Bc3 e5 11. Nb3 Qxd1+ 12. Rxd1 f6 13. Bc4 Bb5 14. Bxb5+
axb5 15. a3 Nc6 16. Rd5 b4 17. axb4 Bxb4 18. Rb5 Bxc3+ 19. bxc3 O-O 20. Rxb7
Rfc8 21. O-O Nd8 22. Rd7 Rxc3 23. Nd2 Ne6 24. Ne4 Rc4 25. Nd6 Rc7 26. Rxc7 Nxc7
1/2-1/2

[Event "7. Bayerische Meisterschaft 2003"]
[Site "Bad Wiessee"]
[Date "2003.11.13"]
[Round "6"]
[White "Zysk, Robert"]
[Black "Berelovich, Aleksandar"]
[Result "1-0"]
[WhiteElo "2448"]
[BlackElo "2540"]
[PlyCount "77"]
[EventDate "2003.11.08"]

1. Nf3 c5 2. g3 g6 3. Bg2 Bg7 4. d4 cxd4 5. Nxd4 Nc6 6. Nb3 a5 7. a4 Nf6 8. Nc3
O-O 9. O-O d6 10. h3 Be6 11. Ra3 Nd7 12. Nd5 Nb6 13. Nxb6 Qxb6 14. c3 Rac8 15.
Re1 Rfd8 16. Be3 Qa6 17. Nd4 Nxd4 18. Bxd4 Bxd4 19. cxd4 Rc4 20. d5 Bd7 21. Re3
Re8 22. b3 Rb4 23. Qc2 Rc8 24. Qd3 e5 25. dxe6 Bxe6 26. Bd5 Bxd5 27. Qxd5 Rc5
28. Qf3 Qc6 29. Qf6 Re4 30. Rxe4 Qxe4 31. Qxd6 Rf5 32. Qd8+ Kg7 33. Qd2 Re5 34.
Qc3 h5 35. h4 Kh7 36. e3 Rd5 37. Rc1 Qf3 38. Qc4 b6 39. Qc2 {
Zeitueberschreitung} 1-0

[Event "7. Bayerische Meisterschaft 2003"]
[Site "Bad Wiessee"]
[Date "2003.11.13"]
[Round "6"]
[White "Thinius, Marco"]
[Black "Burmakin, Vladimir"]
[Result "1-0"]
[WhiteElo "2389"]
[BlackElo "2590"]
[PlyCount "115"]
[EventDate "2003.11.08"]

1. e4 c6 2. d4 d5 3. exd5 cxd5 4. c4 Nf6 5. Nc3 g6 6. cxd5 Bg7 7. Bb5+ Nbd7 8.
d6 exd6 9. Qe2+ Qe7 10. Bf4 Qxe2+ 11. Bxe2 Ke7 12. Bf3 Nb6 13. Nge2 h6 14. h4
Bg4 15. Bxb7 Rab8 16. Be4 Bxe2 17. Kxe2 Nxe4 18. Nxe4 Kd7 19. b3 Nd5 20. Bh2
Rb6 21. Rac1 f5 22. Nc3 Nxc3+ 23. Rxc3 Bxd4 24. Rc4 Bc5 25. Rd1 Rc8 26. Bf4 h5
27. Kf3 Rbc6 28. Rd2 a5 29. Rd1 Bb4 30. Rxc6 Rxc6 31. Rc1 Rxc1 32. Bxc1 Ke6 33.
Kf4 Bc3 34. Be3 d5 35. Bb6 d4 36. Kf3 d3 37. Ke3 d2 38. Ke2 f4 39. f3 Kf5 40.
Bc5 g5 41. hxg5 Kxg5 42. Be7+ Kf5 43. a3 Ke6 44. Bf8 Kf6 45. Bd6 Kf5 46. Kd1 h4
47. Kc2 Kg5 48. Be7+ Kh5 49. Bd8 Bb2 50. Bxa5 Bxa3 51. Bxd2 h3 52. gxh3 Kh4 53.
Kd3 Kxh3 54. Ke4 Bd6 55. Bxf4 Bb4 56. Be5 Kg2 57. f4 Kg3 58. Kd5 1-0

[Event "7. Bayerische Meisterschaft 2003"]
[Site "Bad Wiessee"]
[Date "2003.11.13"]
[Round "6"]
[White "Luther, Thomas"]
[Black "Zude, Arno"]
[Result "1-0"]
[WhiteElo "2580"]
[BlackElo "2382"]
[PlyCount "75"]
[EventDate "2003.11.08"]

1. e4 e5 2. Nf3 Nc6 3. Bb5 a6 4. Ba4 Nf6 5. O-O Be7 6. Re1 b5 7. Bb3 d6 8. c3
O-O 9. h3 Nb8 10. d4 Nbd7 11. Nbd2 Bb7 12. Bc2 Re8 13. Nf1 Bf8 14. Ng3 g6 15.
a4 c5 16. d5 c4 17. Bg5 h6 18. Be3 Nc5 19. Qd2 Kh7 20. Rf1 Bg7 21. Nh2 Rf8 22.
f4 exf4 23. Rxf4 Ncd7 24. Raf1 Ne5 25. Nf3 Nfd7 26. Nd4 bxa4 27. Ngf5 gxf5 28.
Nxf5 Ng6 29. R4f2 Be5 30. Bxa4 Nf6 31. Bb6 Nxe4 32. Qxh6+ Kg8 33. Bxd8 Raxd8
34. Rf4 Bxd5 35. Rh4 Rfe8 36. Bxe8 Rxe8 37. Qh7+ Kf8 38. Rxe4 1-0

[Event "7. Bayerische Meisterschaft 2003"]
[Site "Bad Wiessee"]
[Date "2003.11.13"]
[Round "6"]
[White "Kostic, Vladimir"]
[Black "Rotstein, Arkadij"]
[Result "1-0"]
[WhiteElo "2373"]
[BlackElo "2533"]
[PlyCount "98"]
[EventDate "2003.11.08"]

1. d4 Nf6 2. c4 e6 3. Nf3 c5 4. g3 cxd4 5. Nxd4 a6 6. Bg2 Qc7 7. Nd2 Bc5 8.
N2b3 Be7 9. c5 Bxc5 10. Nxc5 Qxc5 11. O-O Nc6 12. Nxc6 dxc6 13. Bf4 e5 14. Rc1
Qe7 15. Be3 Bf5 16. Qb3 Be6 17. Qb6 Rc8 18. Bc5 Qc7 19. Qb4 Nd7 20. Bd6 a5 21.
Qd2 Qb6 22. Qg5 Qd8 23. Qxg7 Qf6 24. Qxf6 Nxf6 25. Bxe5 Ke7 26. a3 Rhd8 27. Bc3
a4 28. e4 Nd7 29. f4 f6 30. Rfe1 Kf7 31. Bf3 b6 32. Bh5+ Ke7 33. Be2 Kf7 34.
Bh5+ Ke7 35. Kf2 c5 36. Be2 Bb3 37. Bg4 Rb8 38. Bf5 Be6 39. g4 b5 40. e5 Bxf5
41. exf6+ Kf8 42. gxf5 Nb6 43. Ba5 Rdc8 44. Rcd1 Nc4 45. Re7 Nxa5 46. Rxh7 Rb7
47. Rh8+ Kf7 48. Rxc8 Nc4 49. Rc6 Nxb2 1-0

[Event "7. Bayerische Meisterschaft 2003"]
[Site "Bad Wiessee"]
[Date "2003.11.13"]
[Round "6"]
[White "Seel, Christian"]
[Black "Handke, Florian"]
[Result "1/2-1/2"]
[WhiteElo "2315"]
[BlackElo "2476"]
[PlyCount "37"]
[EventDate "2003.11.08"]

1. Nf3 b6 2. g3 Bb7 3. Bg2 e6 4. O-O Nf6 5. c4 Be7 6. Nc3 O-O 7. Re1 d5 8. cxd5
exd5 9. d4 Na6 10. Bf4 Re8 11. Ne5 h6 12. Qc2 Bf8 13. Rac1 Qe7 14. Qa4 c5 15.
e4 cxd4 16. Nxd5 Nxd5 17. exd5 Qb4 18. Qc2 Qa5 19. Bd2 1/2-1/2

[Event "7. Bayerische Meisterschaft 2003"]
[Site "Bad Wiessee"]
[Date "2003.11.13"]
[Round "6"]
[White "Shaw, John"]
[Black "Sarbok, Torsten"]
[Result "1/2-1/2"]
[WhiteElo "2465"]
[BlackElo "2352"]
[PlyCount "57"]
[EventDate "2003.11.08"]

1. e4 c6 2. d4 d5 3. Nc3 dxe4 4. Nxe4 Bf5 5. Ng3 Bg6 6. h4 h6 7. Nf3 Nd7 8. h5
Bh7 9. Bd3 Bxd3 10. Qxd3 Ngf6 11. Bf4 Qa5+ 12. Bd2 Qc7 13. O-O-O e6 14. Ne4
Nxe4 15. Qxe4 O-O-O 16. Bf4 Bd6 17. Bxd6 Qxd6 18. Ne5 Nxe5 19. dxe5 Qc5 20. Qf4
Rxd1+ 21. Rxd1 Rd8 22. Rxd8+ Kxd8 23. Qg3 Ke7 24. Qxg7 Qxf2 25. b3 Qe3+ 26. Kd1
Qd4+ 27. Ke2 Qe4+ 28. Kd1 Qd4+ 29. Ke2 1/2-1/2

[Event "7. Bayerische Meisterschaft 2003"]
[Site "Bad Wiessee"]
[Date "2003.11.13"]
[Round "6"]
[White "Koscielski, Janusch"]
[Black "Mainka, Romuald"]
[Result "1-0"]
[WhiteElo "2312"]
[BlackElo "2459"]
[PlyCount "65"]
[EventDate "2003.11.08"]

1. e4 c5 2. Nf3 e6 3. d4 cxd4 4. Nxd4 a6 5. Bd3 Nf6 6. O-O Qc7 7. Nc3 Nc6 8.
Nxc6 dxc6 9. Qe2 e5 10. Bc4 Bd6 11. a4 a5 12. Be3 Qe7 13. Rad1 O-O 14. Rd3 Bb4
15. Bg5 h6 16. Bh4 Bc5 17. h3 Be6 18. Bxe6 Qxe6 19. Rfd1 Rae8 20. Bxf6 Qxf6 21.
Qf3 Qe6 22. g4 g6 23. Kh1 Kg7 24. Ne2 Re7 25. Ng3 Qf6 26. Kg2 Qh4 27. Qe2 Re6
28. Rd7 Rf6 29. f3 b6 30. R1d3 h5 31. Qe1 Qg5 32. h4 Qf4 33. Ne2 1-0

[Event "7. Bayerische Meisterschaft 2003"]
[Site "Bad Wiessee"]
[Date "2003.11.13"]
[Round "6"]
[White "Ciuksyte, Dagne"]
[Black "Bromberger, Stefan"]
[Result "1/2-1/2"]
[WhiteElo "2295"]
[BlackElo "2448"]
[PlyCount "30"]
[EventDate "2003.11.08"]

1. e4 c5 2. Nf3 d6 3. d4 Nf6 4. Nc3 cxd4 5. Nxd4 a6 6. Bc4 e6 7. O-O b5 8. Bb3
Be7 9. Qf3 Qc7 10. Qg3 O-O 11. Bh6 Ne8 12. Rad1 Bd7 13. Nf3 Nc6 14. Ne2 Bf6 15.
c3 Na5 1/2-1/2

[Event "7. Bayerische Meisterschaft 2003"]
[Site "Bad Wiessee"]
[Date "2003.11.13"]
[Round "6"]
[White "Giemsa, Stephan"]
[Black "Skembris, Spyridon"]
[Result "0-1"]
[WhiteElo "2290"]
[BlackElo "2439"]
[PlyCount "74"]
[EventDate "2003.11.08"]

1. d4 Nf6 2. c4 e6 3. g3 Bb4+ 4. Nd2 d5 5. Bg2 O-O 6. Ngf3 b6 7. O-O Bb7 8.
cxd5 exd5 9. Ne5 Nbd7 10. Ndf3 h6 11. Bf4 Bd6 12. Nxd7 Qxd7 13. Bxd6 cxd6 14.
Ne1 Rfe8 15. Nd3 Re7 16. Re1 Rae8 17. e3 g5 18. a4 a5 19. b4 Ba6 20. bxa5 bxa5
21. Nc1 Bc4 22. Nb3 Qa7 23. Nd2 Rb8 24. Qc2 Rb4 25. Bf1 Kg7 26. Qf5 Bxf1 27.
Rxf1 Rb2 28. Nf3 Qd7 29. Qxd7 Rxd7 30. Rfb1 Rdb7 31. Rxb2 Rxb2 32. Ne1 Ne4 33.
f3 Nf2 34. Rc1 Nh3+ 35. Kh1 Re2 36. Rb1 h5 37. Ng2 Ra2 0-1

[Event "7. Bayerische Meisterschaft 2003"]
[Site "Bad Wiessee"]
[Date "2003.11.13"]
[Round "6"]
[White "Gasthofer, Alexander"]
[Black "Heimrath, Reiner"]
[Result "1-0"]
[WhiteElo "2427"]
[BlackElo "2340"]
[PlyCount "73"]
[EventDate "2003.11.08"]

1. Nf3 Nf6 2. g3 d6 3. d4 Nbd7 4. Bg2 e5 5. c4 Be7 6. O-O O-O 7. Nc3 c6 8. e4
Re8 9. Re1 Qc7 10. h3 b6 11. Be3 Bb7 12. d5 Rac8 13. Rc1 Qb8 14. Nd2 a6 15. b4
b5 16. cxb5 axb5 17. dxc6 Bxc6 18. Nb3 Nb6 19. Na5 Bd7 20. a3 Nc4 21. Nxc4 Rxc4
22. Bf1 Rc7 23. Qd3 Rb7 24. Bg5 Qa8 25. Bxf6 Bxf6 26. Nd5 Bd8 27. Rc3 g6 28.
Rec1 Be6 29. Rc6 f5 30. Rxd6 fxe4 31. Qxe4 Bf5 32. Qe3 Ra7 33. Rc3 Qb8 34. Nf6+
Bxf6 35. Rxf6 Rd8 36. Rb6 Qd6 37. Rxd6 1-0

[Event "7. Bayerische Meisterschaft 2003"]
[Site "Bad Wiessee"]
[Date "2003.11.13"]
[Round "6"]
[White "Meins, Gerlef"]
[Black "Wiley, Tom E"]
[Result "1-0"]
[WhiteElo "2426"]
[BlackElo "2317"]
[PlyCount "91"]
[EventDate "2003.11.08"]

1. d4 f5 2. Nf3 Nf6 3. g3 e6 4. Bg2 Be7 5. O-O O-O 6. Bg5 d6 7. Nbd2 Nc6 8. c3
e5 9. dxe5 dxe5 10. Bxf6 Bxf6 11. e4 f4 12. gxf4 exf4 13. Re1 g5 14. e5 Be7 15.
Qb3+ Kh8 16. Rad1 g4 17. Ne4 Qe8 18. Nf6 Bxf6 19. exf6 Qg6 20. Ne5 Nxe5 21.
Rxe5 Qxf6 22. Rde1 f3 23. Bf1 b6 24. Bd3 Bd7 25. Bxh7 Kxh7 26. Re7+ Kh6 27.
Rxd7 Rae8 28. Qd1 Rxe1+ 29. Qxe1 Rf7 30. Qe3+ Kg7 31. Qe8 Qf5 32. Rxf7+ Qxf7
33. Qxf7+ Kxf7 34. h3 Kg6 35. Kh2 Kg5 36. Kg3 gxh3 37. Kxh3 Kf4 38. c4 a6 39.
b3 c6 40. Kh4 Ke4 41. Kg4 a5 42. a4 Kd3 43. Kxf3 Kc3 44. Ke4 Kxb3 45. f4 Kxa4
46. f5 1-0

[Event "7. Bayerische Meisterschaft 2003"]
[Site "Bad Wiessee"]
[Date "2003.11.13"]
[Round "6"]
[White "Hobuss, Udo"]
[Black "Abeln, Michiel"]
[Result "0-1"]
[WhiteElo "2414"]
[BlackElo "2288"]
[PlyCount "78"]
[EventDate "2003.11.08"]

1. d4 f5 2. g3 Nf6 3. Bg2 e6 4. c4 c6 5. Nf3 d5 6. O-O Bd6 7. Nc3 O-O 8. Qc2
Bd7 9. Bg5 Be8 10. Rac1 h6 11. Bxf6 Qxf6 12. Qb3 Rf7 13. Rfd1 Na6 14. c5 Bf8
15. Na4 g5 16. Ne5 Rg7 17. a3 h5 18. Qe3 Rh7 19. f4 Bh6 20. Qf2 h4 21. gxh4 g4
22. h3 Bh5 23. Rd3 Kh8 24. hxg4 Bxg4 25. Bh3 Rg8 26. Kh1 Bf8 27. Bxg4 fxg4 28.
Kg1 g3 29. Qg2 Qxh4 30. Rf1 Qf6 31. f5 exf5 32. Nc3 f4 33. Rdf3 Bh6 34. e3 Nxc5
35. Rxf4 Bxf4 36. Rxf4 Qe7 37. Qf3 g2 38. Ng4 Qh4 39. Qxg2 Nd3 0-1

[Event "7. Bayerische Meisterschaft 2003"]
[Site "Bad Wiessee"]
[Date "2003.11.13"]
[Round "6"]
[White "Bannink, Bernard"]
[Black "Pirrot, Dieter"]
[Result "1/2-1/2"]
[WhiteElo "2274"]
[BlackElo "2422"]
[PlyCount "112"]
[EventDate "2003.11.08"]

1. d4 d5 2. Nf3 Nc6 3. Bf4 Bg4 4. e3 e6 5. c4 Bb4+ 6. Nc3 Nge7 7. Rc1 O-O 8.
Bd3 Ng6 9. Bg3 f5 10. cxd5 exd5 11. a3 Bxc3+ 12. Rxc3 f4 13. exf4 Bxf3 14. Qxf3
Nxd4 15. Qh5 Qe8+ 16. Kd2 c6 17. Bxg6 hxg6 18. Qe5 Qxe5 19. fxe5 Ne6 20. f3 c5
21. a4 b6 22. Rb1 Rac8 23. b3 a6 24. Ra1 Rc6 25. Bh4 g5 26. Bf2 d4 27. Rcc1 Rd8
28. h4 gxh4 29. Bxh4 g5 30. Bf2 b5 31. axb5 axb5 32. Ra5 c4 33. Rxb5 c3+ 34.
Kd1 d3 35. Rb6 d2 36. Rxc6 dxc1=Q+ 37. Kxc1 Nf4 38. Rxc3 Ne2+ 39. Kc2 Nxc3 40.
Kxc3 Rc8+ 41. Kd3 Kf7 42. Be3 Ke6 43. Bxg5 Kxe5 44. b4 Rg8 45. f4+ Kd5 46. g3
Ra8 47. Bf6 Rg8 48. Bh4 Ra8 49. f5 Ra3+ 50. Kc2 Ke5 51. f6 Ke6 52. b5 Ra5 53.
b6 Rb5 54. f7 Kxf7 55. Bd8 Ke6 56. Bc7 Kf5 1/2-1/2

[Event "7. Bayerische Meisterschaft 2003"]
[Site "Bad Wiessee"]
[Date "2003.11.13"]
[Round "6"]
[White "Albrecht, Rainer"]
[Black "Eingorn, Vereslavs"]
[Result "0-1"]
[WhiteElo "2231"]
[BlackElo "2607"]
[PlyCount "150"]
[EventDate "2003.11.08"]

1. d4 Nf6 2. c4 e6 3. Nc3 Bb4 4. g3 d5 5. Bg2 O-O 6. cxd5 exd5 7. Nf3 c6 8. O-O
Bd6 9. Ne1 Re8 10. f3 Nbd7 11. Nd3 Bc7 12. Rb1 a6 13. b4 Nf8 14. Nf2 h5 15. Rb2
h4 16. e4 hxg3 17. hxg3 Bxg3 18. Nh1 Nh5 19. Ne2 Bc7 20. e5 Ng6 21. f4 Nh4 22.
Neg3 Nxg3 23. Nxg3 Nf5 24. Nxf5 Bxf5 25. Bf3 Re6 26. Rh2 Rh6 27. Rxh6 gxh6 28.
Kf2 Qd7 29. Rg1+ Kh7 30. Bd2 Rg8 31. Ke3 Rxg1 32. Qxg1 Bd8 33. a3 Qe6 34. Bh5
f6 35. Ke2 Qg8 36. Qxg8+ Kxg8 37. Be3 Be7 38. Bd2 Kg7 39. Be8 Bg4+ 40. Kf2 h5
41. f5 Bxf5 42. Bxh5 fxe5 43. dxe5 c5 44. Ke2 c4 45. Bc3 Be6 46. Ke3 Kh6 47.
Be8 Bh4 48. a4 Kg5 49. Kf3 Kh6 50. a5 Bg5 51. b5 axb5 52. Bxb5 Bc1 53. Bd4 Kg6
54. Be8+ Kf5 55. Bh5 Kg5 56. Be8 Ba3 57. Bb5 Kf5 58. Ba4 Bb4 59. Bc2+ Kg5 60.
Be3+ Kh5 61. Bb6 Bc3 62. Kf4 Bd2+ 63. Kf3 Kh4 64. Ba4 Bg4+ 65. Kf2 Bc3 66. Bc7
Bd4+ 67. Ke1 Be6 68. Kd2 Kg4 69. Bb5 Kf5 70. a6 bxa6 71. Bxa6 Bxe5 72. Bb6 Ke4
73. Bb7 Bd7 74. Kc2 Ba4+ 75. Kc1 c3 0-1